Cocktail Ingredients Quiz Stats

 Plays Quiz Updated Mar 2, 2018

Score 0/18 Timer 05:00
1 Play Today
Ingredients Drink % Correct
tomato juice, vodka, tabasco sauce, Worcestershire sauce, lemon juiceBloody Mary
94.5%
gin, tonic water, lime wedgeGin and Tonic
76.8%
vodka, orange juiceScrewdriver
72.9%
vodka, coffee liqueur, cream or milkWhite Russian
67.8%
gin, dry vermouthMartini
67.3%
tequila, orange juice, grenadineTequila Sunrise
53.7%
tequila, triple sec, lime juiceMargarita
50.7%
white rum, coconut cream, pineapple juice, soda waterPina Colada
46.9%
light rum, lime juice, mint, sugar, soda waterMojito
46.1%
Ingredients Drink % Correct
Amaretto and sweet and sourAmaretto Sour
40.8%
vodka, triple sec, Rose's® lime juice, cranberryCosmopolitan
40.5%
whiskey, vermouth, bittersManhattan
35.7%
rum, Coke, lime juiceCuba Libre
23.4%
whiskey, sugar, bitters, orange, maraschino cherryOld Fashioned
22.7%
vodka, cranberry juice, grapefruit juiceSea Breeze
17.1%
vodka, Galliano® and orange juiceHarvey Wallbanger
13.2%
Irish Cream, Grand Marnier, KahluaB-52
10%
vodka, triple sec, lime juice, wedge of limeKamikaze
7.8%

You're not logged in!

Compare scores with friends on all Sporcle quizzes.
OR
Log In

Sporcle TV

Today on Sporcle TV


Watch our educational content, quiz creation guides, and fun videos on Sporcle TV.

Show Comments

Extras

Top Quizzes Today


Score Distribution

Your Account Isn't Verified!

In order to create a playlist on Sporcle, you need to verify the email address you used during registration. Go to your Sporcle Settings to finish the process.

Report this User

Report this user for behavior that violates our Community Guidelines.

Details: